[Event "US op 123nd"]
[Site "Grand Rapids"]
[Date "2023.08.06"]
[Round "9"]
[White "Homa, Seth"]
[Black "Tolliver, Kameron"]
[Result "1-0"]
[WhiteElo "2234"]
[BlackElo "1823"]
[PlyCount "87"]
[EventDate "2023.07.29"]
[EventType "swiss"]
[EventRounds "9"]
[EventCountry "USA"]
[SourceTitle "CBM 215 Extra"]
[Source "ChessBase"]
[SourceDate "2023.09.30"]
[SourceVersion "1"]
[SourceVersionDate "2023.09.30"]
[SourceQuality "1"]

1. d4 d5 2. Nf3 c6 3. Bf4 Qb6 4. Qc1 Bf5 5. e3 e6 6. Nbd2 c5 7. c3 Nc6 8. Be2 Nf6 9. h3 Rc8 10. 0-0 Be7 11. dxc5 Bxc5 12. Nb3 Be7 13. Nbd4 Bg6 14. Nxc6 bxc6 15. Ne5 0-0 16. c4 c5 17. cxd5 exd5 18. Nxg6 hxg6 19. Rd1 Rfd8 20. Qc2 Bd6 21. Bxd6 Qxd6 22. Bf3 Qe5 23. Rd2 d4 24. Rad1 Nd5 25. exd4 cxd4 26. Qe4 Qxe4 27. Bxe4 Nf4 28. h4 Rc7 29. g3 Ne6 30. Bc2 Rcd7 31. b4 Nc7 32. Be4 Rd6 33. Rc1 Nb5 34. Rc5 Nc3 35. Bd3 f5 36. Rc2 Re8 37. Kf1 Kf7 38. Ra5 Re7 39. h5 Kf6 40. hxg6 Ne4 41. Rc8 Kxg6 42. Rf8 Rc6 43. Rfxf5 Rf6 44. Rfe5 1-0

[Event "World op 51st"]
[Site "Philadelphia"]
[Date "2023.07.04"]
[Round "8"]
[White "Paragua, Mark"]
[Black "Homa, Seth"]
[Result "1-0"]
[WhiteElo "2447"]
[BlackElo "2219"]
[PlyCount "97"]
[EventDate "2023.06.30"]
[EventType "swiss"]
[EventRounds "9"]
[EventCountry "USA"]
[SourceTitle "CBM 215 Extra"]
[Source "ChessBase"]
[SourceDate "2023.09.30"]
[SourceVersion "1"]
[SourceVersionDate "2023.09.30"]
[SourceQuality "1"]

1. Nf3 d5 2. g3 g6 3. Bg2 Bg7 4. 0-0 e5 5. d3 Nc6 6. Nc3 d4 7. Ne4 Nge7 8. c3 h6 9. cxd4 exd4 10. b4 a6 11. Qa4 Nd5 12. b5 Nb6 13. Qb3 axb5 14. Qxb5 Ra5 15. Qb1 f5 16. Ned2 0-0 17. Nb3 Ra7 18. Bd2 Na4 19. Qc1 Kh7 20. e3 dxe3 21. Bxe3 Nc3 22. Qd2 Ra8 23. Bxh6 Bxh6 24. Qxc3 Bg7 25. d4 Be6 26. Rad1 Rxa2 27. Nc5 Bc8 28. Qb3 Re2 29. d5 Na5 30. Qb5 Qe8 31. Qxa5 b6 32. Qa7 bxc5 33. Qxc7 Qe7 34. Qb6 c4 35. d6 Qd8 36. Qb5 Be6 37. d7 Bf6 38. Rd6 Qe7 39. Rfd1 Rd8 40. h4 Kg7 41. h5 g5 42. Nd4 Bxd4 43. R6xd4 Qf6 44. Qc6 Qe5 45. Bf1 Re4 46. Rxe4 Qxe4 47. Qc7 Qa8 48. Qe5+ Kf7 49. h6 1-0

[Event "Naperville Bisguier Memorial"]
[Site "Naperville"]
[Date "2023.04.02"]
[Round "?"]
[White "Homa, Seth"]
[Black "Colas, Joshua"]
[Result "1-0"]
[WhiteElo "2213"]
[BlackElo "2342"]
[PlyCount "63"]
[EventDate "2023.03.29"]
[EventType "tourn"]
[EventRounds "9"]
[EventCountry "USA"]
[SourceTitle "EXT 2024"]
[Source "ChessBase"]
[SourceDate "2023.10.10"]
[SourceVersion "1"]
[SourceVersionDate "2023.10.10"]
[SourceQuality "1"]

1. c4 e6 2. g3 d5 3. Bg2 Nf6 4. Nf3 g6 5. 0-0 Bg7 6. d4 0-0 7. Nc3 Ne4 8. Qc2 Nxc3 9. bxc3 c6 10. Bf4 Nd7 11. Nd2 g5 12. Bd6 Re8 13. e4 dxe4 14. Nxe4 f5 15. Nd2 e5 16. c5 exd4 17. cxd4 Nb6 18. Nf3 Be6 19. Rfe1 Nd5 20. Ne5 Bxe5 21. Rxe5 Qd7 22. Qd2 g4 23. Rae1 Nf6 24. Qg5+ Kf7 25. Qh6 Bxa2 26. h3 gxh3 27. Bxh3 Be6 28. Bf1 b5 29. Be2 a5 30. Re3 f4 31. Be5 Qd8 32. Bxf6 1-0

[Event "Naperville Bisguier Memorial"]
[Site "Naperville"]
[Date "2023.03.31"]
[Round "?"]
[White "Quesada Vera, Liordis"]
[Black "Homa, Seth"]
[Result "1/2-1/2"]
[WhiteElo "2310"]
[BlackElo "2213"]
[PlyCount "30"]
[EventDate "2023.03.29"]
[EventType "tourn"]
[EventRounds "9"]
[EventCountry "USA"]
[SourceTitle "EXT 2024"]
[Source "ChessBase"]
[SourceDate "2023.10.10"]
[SourceVersion "1"]
[SourceVersionDate "2023.10.10"]
[SourceQuality "1"]

1. Nf3 d5 2. g3 g6 3. c4 dxc4 4. Bg2 Bg7 5. 0-0 e5 6. Na3 Nc6 7. Nxc4 Nge7 8. Rb1 e4 9. Ne1 Be6 10. b3 f5 11. Bb2 Bxb2 12. Rxb2 Qd7 13. d3 0-0-0 14. Qc1 Bd5 15. Rd2 Qe6 1/2-1/2

[Event "Robert Byrne Memorial IM"]
[Site "Naperville"]
[Date "2023.01.20"]
[Round "5"]
[White "Homa, Seth"]
[Black "Moskow, Eric"]
[Result "1-0"]
[WhiteElo "2202"]
[BlackElo "2125"]
[PlyCount "46"]
[EventDate "2023.01.18"]
[EventType "tourn"]
[EventRounds "9"]
[EventCountry "USA"]
[SourceTitle "CBM 212 Extra"]
[Source "ChessBase"]
[SourceDate "2023.03.31"]
[SourceVersion "1"]
[SourceVersionDate "2023.03.31"]
[SourceQuality "1"]

1. b3 d5 2. Bb2 Nf6 3. Nf3 Bf5 4. Nh4 Bd7 5. c4 e6 6. Nf3 c5 7. e3 Nc6 8. cxd5 exd5 9. Be2 Bd6 10. 0-0 0-0 11. Nc3 Bg4 12. Rc1 a6 13. Na4 Nd7 14. h3 Bh5 15. d4 Bxf3 16. Bxf3 cxd4 17. Bxd5 Nde5 18. f4 Qe7 19. e4 Ng6 20. Bxc6 Nxf4 21. Bd5 Nxd5 22. Qxd4 Nf4 23. Qd1 Nxg2 1-0

[Event "Chesterfield SPICE Cup op"]
[Site "Chesterfield"]
[Date "2022.12.18"]
[Round "1"]
[White "Mishra, Abhimanyu"]
[Black "Homa, Seth"]
[Result "1-0"]
[WhiteElo "2549"]
[BlackElo "2244"]
[PlyCount "81"]
[EventDate "2022.12.18"]
[EventType "swiss"]
[EventRounds "9"]
[EventCountry "USA"]
[SourceTitle "CBM 212 Extra"]
[Source "ChessBase"]
[SourceDate "2023.03.31"]
[SourceVersion "1"]
[SourceVersionDate "2023.03.31"]
[SourceQuality "1"]

1. d4 Nf6 2. c4 g6 3. g3 Bg7 4. Bg2 0-0 5. Nc3 d6 6. Nf3 c5 7. 0-0 Nc6 8. d5 Na5 9. Nd2 e6 10. Qc2 Re8 11. e3 exd5 12. cxd5 Bf5 13. e4 Bd7 14. b3 b5 15. Bb2 b4 16. Nd1 Bb5 17. Nc4 Bxc4 18. bxc4 Rb8 19. f4 b3 20. axb3 Nxb3 21. Rxa7 Ng4 22. Bxg7 Kxg7 23. f5 Nd4 24. Qd2 Re7 25. Ra2 gxf5 26. Qf4 Ra7 27. Rd2 f6 28. Bh3 Rb3 29. Bxg4 fxg4 30. Qxg4+ Kh8 31. Rdf2 Rg7 32. Qf4 Rf3 33. Qh4 Rxf2 34. Rxf2 Rg6 35. Ne3 Qa5 36. Nf5 Qe1+ 37. Kg2 Ne2 38. Rf1 Qd2 39. Kh3 Qd3 40. Ra1 Qc3 41. Ra8+ 1-0

[Event "Hollywood Masters op"]
[Site "Los Angeles"]
[Date "2022.10.28"]
[Round "6"]
[White "Homa, Seth"]
[Black "Kavutskiy, Konstantin"]
[Result "0-1"]
[WhiteElo "2242"]
[BlackElo "2383"]
[PlyCount "90"]
[EventDate "2022.10.26"]
[EventType "swiss"]
[EventRounds "9"]
[EventCountry "USA"]
[SourceTitle "EXT 2024"]
[Source "ChessBase"]
[SourceDate "2023.10.10"]
[SourceVersion "1"]
[SourceVersionDate "2023.10.10"]
[SourceQuality "1"]

1. c4 g6 2. Nc3 Bg7 3. g3 c5 4. Bg2 Nc6 5. e4 d6 6. d3 e6 7. Nge2 Nge7 8. 0-0 0-0 9. Rb1 b6 10. a3 Bb7 11. b4 Qd7 12. b5 Nd4 13. Nxd4 cxd4 14. Na2 d5 15. cxd5 exd5 16. e5 Bxe5 17. Re1 Bg7 18. Nb4 Rfe8 19. a4 Nf5 20. Rxe8+ Rxe8 21. Bb2 Qd6 22. Qb3 Re5 23. Nc2 Qe7 24. Qb4 Qc5 25. Qd2 Re8 26. Ba1 h5 27. Nb4 h4 28. Qa2 Re5 29. Qb3 Bh6 30. Bf3 hxg3 31. hxg3 Qd6 32. Kg2 Nxg3 33. fxg3 Rg5 34. g4 Bc8 35. Qd1 Bxg4 36. Bxg4 f5 37. Rc1 Rxg4+ 38. Qxg4 fxg4 39. Rc8+ Kf7 40. Nc6 Qf4 41. Bxd4 Qf3+ 42. Kg1 Be3+ 43. Bxe3 Qxe3+ 44. Kh1 Qh3+ 45. Kg1 g3 0-1

[Event "Charlotte CCCSA Summer IM-B"]
[Site "Charlotte"]
[Date "2022.07.28"]
[Round "8"]
[White "Homa, Seth"]
[Black "Wang, Tianqi"]
[Result "0-1"]
[WhiteElo "2237"]
[BlackElo "2402"]
[PlyCount "146"]
[EventDate "2022.07.24"]
[EventType "tourn"]
[EventRounds "9"]
[EventCountry "USA"]
[SourceTitle "CBM 209 Extra"]
[Source "ChessBase"]
[SourceDate "2022.09.30"]
[SourceVersion "1"]
[SourceVersionDate "2022.09.30"]
[SourceQuality "1"]

1. d4 d5 2. c4 e6 3. Nf3 Nf6 4. Nc3 Be7 5. Bf4 0-0 6. e3 Nbd7 7. c5 c6 8. b4 b6 9. h4 a5 10. a3 h6 11. Bd3 Ba6 12. Bxa6 Rxa6 13. b5 cxb5 14. c6 Qc8 15. c7 b4 16. Nb5 a4 17. axb4 Bxb4+ 18. Ke2 Ra5 19. Qd3 Ne4 20. Rhc1 Qa8 21. Rab1 Be7 22. Ne5 Nxe5 23. Bxe5 Rc8 24. f3 Nf6 25. g4 Ne8 26. g5 h5 27. Rc2 a3 28. Ra2 Qc6 29. Qb3 Qd7 30. Kd3 Bd6 31. Nxd6 Nxd6 32. Bxd6 Qxd6 33. Qxb6 Qxc7 34. Qxc7 Rxc7 35. Rba1 Rca7 36. Ke2 Kh7 37. Kf2 Kg6 38. Kg3 Kf5 39. Rb1 f6 40. gxf6 gxf6 41. Rb3 e5 42. Rd3 Ke6 43. Rb3 exd4 44. exd4 Ra4 45. Rd3 Kf5 46. Re3 Rg7+ 47. Kf2 Rxd4 48. Raxa3 Rxh4 49. Ra5 Rd4 50. Re8 Kf4 51. Rh8 Rg5 52. Rh6 Rf5 53. Ra6 Kg5 54. Rh8 Rd3 55. Rg8+ Kh4 56. Ra4+ d4 57. Ke2 Re3+ 58. Kd2 Rexf3 59. Rxd4+ R3f4 60. Rxf4+ Rxf4 61. Ke3 Rf5 62. Rg1 Kh3 63. Ke4 Rg5 64. Rf1 Re5+ 65. Kf4 Kg2 66. Ra1 Re2 67. Ra8 Rf2+ 68. Ke3 Rf3+ 69. Ke2 h4 70. Ra4 h3 71. Rh4 Rg3 72. Rf4 h2 73. Rf2+ Kh3 0-1

[Event "World op 50th"]
[Site "Philadelphia"]
[Date "2022.07.01"]
[Round "3"]
[White "Homa, Seth"]
[Black "Truelson, Joseph"]
[Result "1/2-1/2"]
[WhiteElo "2237"]
[BlackElo "2040"]
[PlyCount "116"]
[EventDate "2022.06.30"]
[EventType "swiss"]
[EventRounds "9"]
[EventCountry "USA"]
[SourceTitle "CBM 209 Extra"]
[Source "ChessBase"]
[SourceDate "2022.09.30"]
[SourceVersion "1"]
[SourceVersionDate "2022.09.30"]
[SourceQuality "1"]

1. d4 d5 2. c4 e6 3. Nf3 c6 4. e3 f5 5. Nc3 Nf6 6. Bd3 Bd6 7. b3 0-0 8. Bb2 Bd7 9. 0-0 Ne4 10. Ne2 Be8 11. Ne5 Nd7 12. Rc1 Qe7 13. Rc2 Nef6 14. f3 Rd8 15. c5 Bc7 16. b4 g5 17. Qe1 Qg7 18. Nc1 f4 19. exf4 gxf4 20. Re2 Nxe5 21. dxe5 Nh5 22. Qh4 Bg6 23. Qg4 Rde8 24. Bxg6 Qxg6 25. Nd3 Rf5 26. Qxg6+ hxg6 27. Nf2 Rff8 28. Ng4 b6 29. Bd4 Rb8 30. Rc1 b5 31. Nf2 a5 32. bxa5 Bxa5 33. Nd3 Kf7 34. Bc3 Bxc3 35. Rxc3 Ke7 36. a4 bxa4 37. Ra2 Rb1+ 38. Kf2 Ra8 39. Rca3 Rh1 40. Rxa4 Rxa4 41. Rxa4 g5 42. Ra7+ Kf8 43. Rc7 Rxh2 44. Kg1 Rh4 45. Rxc6 Ng3 46. Nf2 d4 47. Rxe6 Rh7 48. Rf6+ Ke8 49. c6 Ra7 50. Rh6 Ra1+ 51. Kh2 Kd8 52. Rd6+ Kc7 53. Rxd4 Rf1 54. Rd2 Re1 55. Kh3 Rxe5 56. Kg4 Nf1 57. Rd7+ Kxc6 58. Rg7 Re2 1/2-1/2

[Event "Philadelphia int op 15th"]
[Site "Philadelphia"]
[Date "2022.06.28"]
[Round "9"]
[White "Homa, Seth"]
[Black "Kunka, Harshid"]
[Result "1-0"]
[WhiteElo "2261"]
[BlackElo "2088"]
[PlyCount "105"]
[EventDate "2022.06.24"]
[EventType "swiss"]
[EventRounds "9"]
[EventCountry "USA"]
[SourceTitle "CBM 209 Extra"]
[Source "ChessBase"]
[SourceDate "2022.09.30"]
[SourceVersion "1"]
[SourceVersionDate "2022.09.30"]
[SourceQuality "1"]

1. d4 d5 2. c4 dxc4 3. e3 Nf6 4. Bxc4 e6 5. Nf3 c5 6. 0-0 Nc6 7. a3 a6 8. dxc5 Bxc5 9. Qxd8+ Kxd8 10. b4 Bd6 11. Bb2 b5 12. Be2 Bb7 13. Nbd2 Ke7 14. Rac1 Rac8 15. Nb3 Rhd8 16. Rfd1 h6 17. Nfd2 Ba8 18. Bf3 Be5 19. Rxc6 Bxb2 20. Rxa6 Bxf3 21. gxf3 Rc2 22. Rb1 Rdxd2 23. Nxd2 Rxd2 24. a4 bxa4 25. Rxa4 Nd5 26. Ra2 Bc3 27. Ra7+ Kd6 28. b5 Rb2 29. Rxb2 Bxb2 30. Rxf7 Kc5 31. e4 Nb6 32. f4 Kxb5 33. e5 g6 34. Kg2 Kc5 35. Kf3 g5 36. Ke4 Nd5 37. f5 Nc3+ 38. Kd3 Nd5 39. Ke4 Nc3+ 40. Kd3 Nd5 41. fxe6 Bxe5 42. e7 Nc7 43. Rf8 Kd6 44. e8Q Nxe8 45. Rxe8 Bxh2 46. Rh8 Ke5 47. Rxh6 Bf4 48. f3 Kf5 49. Rh8 Bc1 50. Rf8+ Ke5 51. Ke2 Bf4 52. Kf2 Kd4 53. Re8 1-0